ARRUPE JESUIT UNIVERSITY

CORONAVIRUS -STOP THE SPREAD - CLEAN,DISINFECT,COVER

For God alone : (Record no. 122048)

MARC details
000 -LEADER
fixed length control field 01427cam a2200289 a 4500
001 - CONTROL NUMBER
control field 15534571
003 - CONTROL NUMBER IDENTIFIER
control field ARRUPE
005 - DATE AND TIME OF LATEST TRANSACTION
control field 20150217113541.0
008 - FIXED-LENGTH DATA ELEMENTS--GENERAL INFORMATION
fixed length control field 081125s2009 inu b 000 0 eng
010 ## - LIBRARY OF CONGRESS CONTROL NUMBER
LC control number 2008051318
020 ## - INTERNATIONAL STANDARD BOOK NUMBER
International Standard Book Number 9780268042332 (pbk. : alk. paper)
020 ## - INTERNATIONAL STANDARD BOOK NUMBER
International Standard Book Number 0268042330 (pbk. : alk. paper)
035 ## - SYSTEM CONTROL NUMBER
System control number (OCoLC)ocn277040882
040 ## - CATALOGING SOURCE
Original cataloging agency DLC
Transcribing agency DLC
Modifying agency BTCTA
-- YDXCP
-- C#P
-- BWX
-- CDX
-- PKT
-- DLC
050 00 - LIBRARY OF CONGRESS CALL NUMBER
Classification number BV210.3
Item number .T48 2009
082 00 - DEWEY DECIMAL CLASSIFICATION NUMBER
Classification number 248.3/2
Edition number 22
300 ## - PHYSICAL DESCRIPTION
Dimensions 22 cm.
100 1# - MAIN ENTRY--PERSONAL NAME
Personal name Thurston, Bonnie Bowman.
9 (RLIN) 15136
245 10 - TITLE STATEMENT
Title For God alone :
Remainder of title a primer on prayer /
Statement of responsibility, etc Bonnie Thurston.
260 ## - PUBLICATION, DISTRIBUTION, ETC. (IMPRINT)
Place of publication, distribution, etc London :
Name of publisher, distributor, etc Darton, Longman and Todd,
Date of publication, distribution, etc c2009.
300 ## - PHYSICAL DESCRIPTION
Extent viii, 227 p. ;
504 ## - BIBLIOGRAPHY, ETC. NOTE
Bibliography, etc Includes bibliographical references (p. [220]-227).
505 0# - FORMATTED CONTENTS NOTE
Formatted contents note Prayer : toward a definition -- Oratio : praying with words -- Praying the Word : lectio divina -- Prayer : toward an anthropology -- Praying the name : the Jesus prayer -- Praying with the body : some exercises -- Prayer : toward a cosmology -- Prayer : toward contemplatio -- Praying contemplatively : the prayer of waiting.
650 #0 - SUBJECT ADDED ENTRY--TOPICAL TERM
Topical term or geographic name as entry element Prayer
General subdivision Christianity.
9 (RLIN) 9439
906 ## - LOCAL DATA ELEMENT F, LDF (RLIN)
a 7
b cbc
c orignew
d 1
e ecip
f 20
g y-gencatlg
942 ## - ADDED ENTRY ELEMENTS (KOHA)
Source of classification or shelving scheme Library of Congress Classification
Koha item type Monograph ( Printed materials)
Holdings
Withdrawn status Lost status Source of classification or shelving scheme Damaged status Not for loan Collection code Home library Current library Shelving location Date acquired Total Checkouts Full call number Barcode Date last seen Date checked out Price effective from Koha item type
    Library of Congress Classification     Main Collection ARRUPE LIBRARY ARRUPE LIBRARY Main Collection 17/02/2015 9 BV210.2 .T544 2009 46500002941 14/05/2019 30/04/2019 17/02/2015 Monograph ( Printed materials)

 

Arrupe Library. PO Box MP320 Mt Pleasant, Harare, Zimbabwe
263 242 745411|librarian@aju.ac.zw